000 00656nam a22002057a 4500
003 BUBTL
008 240303b ||||| |||| 00| 0 eng d
020 _a9847010504811
041 _aben
082 _a891.443/ H211n/ 1981
100 _92461
_aহক, সৈয়দ শামসুল
245 _aনিষিদ্ধ লোবান /
_c সৈয়দ শামসুল হক
250 _a1st ed
260 _aঢাকা :
_bঅনন্যা,
_cc1981
300 _a71 p. :
_c24 cm
650 0 _91687
_aবাংলা সাহিত্য
856 _k0
_l0
_yDownload
942 _2ddc
_cBK
999 _c7236
_d7236